| 000 | 01338nam1a2200349 i 4500 | ||
|---|---|---|---|
| 001 | RU\NLR\bibl\221899 | ||
| 005 | 20260407030239.0 | ||
| 010 | _a5-85050-379-X | ||
| 035 | _a(NLR Aleph) 000217960 | ||
| 090 |
_a1266333 _c1266333 |
||
| 100 | _a20020123g20009999u y0rusy50 ca | ||
| 101 | 0 | _arus | |
| 102 | _aRU | ||
| 105 | _a||||z ||||| | ||
| 200 | 1 |
_aПроза второй половины XX века _e[В 3 т.] _fИн-т "Открытое о-во" _g[Сост., предисл. и коммент. П.В. Басинского] |
|
| 210 |
_aМ. _cСлово _d2000 |
||
| 215 | _d22 | ||
| 225 | 1 |
_aПушкинская библиотека _fРедкол.: М.Л. Гаспаров и др. |
|
| 300 | _aНа авантит.: Мегапроект "Пушкинская библиотека" | ||
| 463 | 0 | _1001218819 | |
| 463 | 0 | _1001217060 | |
| 463 | 0 | _1001218022 | |
| 686 | _aШ6(2=Р)75-44 | ||
| 702 | 1 |
_4220 _8rus _7ca _aБасинский _bП. В. _f1961- _gПавел Валерьевич _3RU\NLR\auth\7720411 _93479 |
|
| 712 | 0 | 2 |
_4570 _a"Открытое общество", институт _cМосква _3RU\NLR\AUTH\8810012114 _9521998 |
| 801 | 0 |
_aRU _bNLR _c20020123 _gPSBO |
|
| 801 | 1 |
_aRU _bNLR _c20020123 |
|
| 852 |
_aNLR _j2002-5/155 |
||
| 942 | _cBOOK | ||
| 980 | _aSUPPRESS | ||